LEADER 01256nam2-2200397---450- 001 990001714800203316 005 20070614140609.0 035 $a000171480 035 $aUSA01000171480 035 $a(ALEPH)000171480USA01 035 $a000171480 100 $a20040531d1969----km-y0itay0103----ba 101 $aita 102 $aIT 105 $a||||||||001yy 200 1 $a<> : Fondo di S. Spirito del Morrone$eparte 3.: sec. 17.-18., schede di professione sec. 15.-18.$eaula 2.: capsule 13.-17. 210 $d1969 215 $a401 p. 225 $aPubblicazioni degli archivi di Stato$v64 410 0$12001$aPubblicazioni degli archivi di Stato$v64 454 1$12001 461 1$1001000171464$12001 701 1$aAVAGLIANO,$bFaustino$0156044 702 1$aLECCISOTTI,$bTommaso 801 0$aIT$bsalbc$gISBD 912 $a990001714800203316 951 $aI.3. Coll.1/ 22/5.3(XI B Arch. Coll. 2/64)$b40929 L.M.$cXI B 959 $aBK 969 $aUMA 969 $aDILAM 979 $aSIAV7$b10$c20040531$lUSA01$h1616 979 $aSIAV7$b10$c20040531$lUSA01$h1618 979 $aCOPAT5$b90$c20050920$lUSA01$h1152 979 $aDILAM$b90$c20070614$lUSA01$h1406 996 $aFondo di S. Spirito del Morrone$9947126 997 $aUNISA